000 00297nam a2200109Ia 4500
008 200302s9999 xx 000 0 und d
100 _aC. S. Yadav
245 _aPerspectives in Urban Geography Cities and Housing Vol II
260 _bConcept Publishing Co. Ltd.
260 _c1987
300 _a307 P.,
999 _c5561
_d5561